00554nam a2200181Ia 4500003000400000005001700004008004100021040000700062041000800069082001600077100004100093245012100134260005400255300001200309365001300321650001400334650002400348OSt20230519093303.0210423s2016 xx 000 0 und d cAL aeng a332.02 KIRI aKIRAN Institute of Career Excellence aIBPS Bank PO/MT/SO priliminay online exam CWE VI: practice work book including solved papers of exam held in 2015-16 aDelhibKiran Institute of Career Excellencec2016 a768bPB b425cINR aEconomics aFinancial Economics